Elementary structures for architects and builders /

Bibliographic Details
Main Author: Shaeffer, R. E.
Format: Book
Language:English
Published: Upper Saddle River, N.J. : Prentice Hall, [1998]
Edition:3rd ed.
Subjects:

MARC

Tag First Indicator Second Indicator Subfields
LEADER 00000cam a2200000 a 4500
001 in00001390607
005 20151020051540.0
008 970228s1998 njua 001 0 eng
010 |a  97005166  
020 |a 013348954X 
035 |a (OCoLC)36498840 
035 |9 AHL9870AM 
040 |a DLC  |c DLC  |d TXA  |d UtOrBLW 
049 |a TXAM 
050 0 0 |a TA645  |b .S479 1998 
082 0 |a 624.1/71  |2 21 
100 1 |a Shaeffer, R. E. 
245 1 0 |a Elementary structures for architects and builders /  |c Ronald E. Shaeffer. 
250 |a 3rd ed. 
264 1 |a Upper Saddle River, N.J. :  |b Prentice Hall,  |c [1998] 
264 4 |c ©1998 
300 |a x, 449 pages :  |b illustrations ;  |c 25 cm. 
336 |a text  |b txt  |2 rdacontent 
337 |a unmediated  |b n  |2 rdamedia 
338 |a volume  |b nc  |2 rdacarrier 
500 |a Includes index. 
650 0 |a Structural analysis (Engineering) 
650 0 |a Structural design. 
948 |a c:dm 
999 |a MARS 
999 f f |s b9966926-d9f8-3155-8539-4d72196b1f7f  |i f1f4e0a9-f140-30eb-ab3e-e09dd760a266  |t 0 
952 f f |p ric  |a Texas A&M University  |b Rellis Campus  |c Joint Library Facility  |d Remote Storage  |t 0  |e TA645 .S479 1998  |h Library of Congress classification  |i unmediated -- volume  |m A14822378638 
998 f f |a TA645 .S479 1998  |t 0  |l Remote Storage